000 00663nam a2200193 u 4500
001 000286561
003 AM-YeHGA
005 20250617163353.0
008 031121s1960 ||| |||||||||||||rus d
040 _aAM-YeHGA
041 0 _arus
100 1 _aМитюшкин, Вениамин Васильевич.
245 1 0 _aСоциалистическая Якутия /
_cВ.В. Митюшкин ; Худ. В.И. Пряников.
260 _aЯкутск :
_bЯкутское кн. изд-во,
_c1960.
300 _a360 с.
650 1 4 _aЭкономическая география
700 1 _aПряников, В.И.
_eхуд.
_4art
090 _c508909
999 _c505489
_d505489